| LEADER | 01484ccm a2200325 a 4500 | ||
|---|---|---|---|
| 001 | 16321527 | ||
| 005 | 20170224105214.0 | ||
| 008 | 100708s2008 vm sgz| n | vie | ||
| 040 | |a DLC |c DLC |d DLC | ||
| 042 | |a lcode |a pcc | ||
| 043 | |a a-vt--- | ||
| 050 | 0 | 0 | |a M1824.V5 |b S8 2008 |
| 082 | |a 782.4209597 |b S550c | ||
| 100 | |a Nguyễn Hạnh | ||
| 245 | 0 | 0 | |a Sử ca Việt Nam |c Nguyễn Hạnh tuyển chọn, Lưu Hữu Phước, Mai Văn Bộ, Văn Cao |
| 260 | |a TP. Hồ Chí Minh. |b Nxb trẻ |c 2008 | ||
| 300 | |a 171tr. |c 19 cm. | ||
| 520 | |a v...v | ||
| 650 | 0 | |a Songs, Vietnamese. | |
| 653 | |a Âm nhạc | ||
| 653 | |a Bài hát | ||
| 653 | |a Việt Nam | ||
| 653 | |a Sử ca | ||
| 906 | |a 7 |b cbc |c origres |d 3 |e ncip |f 20 |g y-genmusic | ||
| 942 | |2 ddc |c STK0 | ||
| 955 | |b wj07 2010-07-08 z-processor to MBAS |a vl00 2011-03-10 | ||
| 999 | |c 2338 |d 2338 | ||
| 952 | |0 0 |1 0 |2 ddc |4 0 |6 782_420959700000000_S550C |7 1 |8 700 |9 31099 |a qbu |b qbu |c D5 |d 2014-12-13 |g 23000 |o 782.4209597 S550c |p 4825.C1 |r 0000-00-00 |w 2014-12-13 |y STK0 |0 0 |6 782_420959700000000_S550C | ||
| 952 | |0 0 |1 0 |2 ddc |4 0 |6 782_420959700000000_S550C |7 0 |8 700 |9 31100 |a qbu |b qbu |c D5 |d 2014-12-13 |g 23000 |o 782.4209597 S550c |p 4825.C2 |r 0000-00-00 |w 2014-12-13 |y STK0 |0 0 |6 782_420959700000000_S550C |0 0 |6 782_420959700000000_S550C | ||
| 952 | |0 0 |1 0 |2 ddc |4 0 |6 782_420959700000000_S550C |7 0 |8 700 |9 31101 |a qbu |b qbu |c D5 |d 2014-12-13 |g 23000 |o 782.4209597 S550c |p 4825.C3 |r 0000-00-00 |w 2014-12-13 |y STK0 |0 0 |6 782_420959700000000_S550C |0 0 |6 782_420959700000000_S550C | ||